000 00367nam a2200169Ia 4500
001 10808
008 140331s9999 xx 000 0 und d
020 _a0-06-061121-9
040 _cPK-LaUMT
082 _a 272.90922
_bMAR-
100 _aBergman, Susan
245 _aMartyrs
_cBergman, Susan
260 _c1996
300 _a332 p.
546 _aEN
942 _cBK
999 _c11764
_d11764